Name Every Beatles Song Where The Lyrics Don't Start Until 30 secs in - Statistics

General Stats
  • This quiz has been taken 52 times
  • The average score is 5 of 7
Answer Stats
Album Answer % Correct
Magical Mystery Tour Flying
91%
Abbey Road Sun King
86%
Abbey Road Because
83%
Sgt. Pepper Within You Without You
77%
Yellow Submarine It's All Too Much
74%
Revolver Love You To
71%
Past Masters Slow Down
20%
No matching quizzes found
Score Distribution
Percent of People with Each Score
Percentile by Number Answered
Your Score History
You have not taken this quiz